000
00503nam a2200169Ia 4500
008
090711s9999 xx 000 0 und d
082
_b
52295
100
_a
कारखानीस अशोक
245
_a
गूढकथा (भाग 1)
260
_c
1986
300
_a
253
600
_a
कारखानीस अशोक
630
_a
गूढकथा (भाग 1)
700
_a
कारखानीस अशोक
730
_a
गूढकथा (भाग 1)
942
_c
BOOK
999
_c
296856
_d
296856